000 00951nam a2200265Ia 4500
003 OSt
005 20220923211241.0
006 a|||||r|||| 00| 0
007 ta
008 Pun
020 _a9788175993327 (hbk)
_c500
024 _a324,093
037 _b1009, 15/01/2018, H.K. Prakashan
_cTextual
040 _aARTS
_cARTS
_bPun
041 _2Pun
_aPun
082 _aO153,6NPR, Q7
100 _aਮਾਧੋਪੁਰੀ, ਬਲਬੀਰ, ਥਦ.
245 0 _aਭਾਪਾ ਪ੍ਰੀਤਮ ਸਿੰਘ ਯਾਦਗਾਰੀ ਭਾFਨ
260 _aਨਵੀ੍ਵ ਦਿੱਲੀ
_b ਨਵਯੁਗ ਪਬਲਿFਰਗ਼
_c2017
300 _a284ਪੰ
_ccm.
650 _a ਪੰਜਾਬੀ ਨਿਬੰਧ
650 _aਪੰਜਾਾਬੀ ਸਾਹਿਤ
_9156350
942 _hO153,6NPR, Q7
_cTEXL
_2CC
999 _c297673
_d297673